000 00958nam a2200229 a 4500
001 48376
003 BD-RjUL
005 20211209054519.0
008 160813s2000 ii ||||| |||| 00| 0 ben d
020 _c: Tk. 125.00
035 _a(BD-RjUL)48495
040 _aBD-RjUL
_bben
_cBD-RjUL
041 _aben
082 _223
_a891.4409
_bSHA 2000
245 0 0 _aশরৎচন্দ্র :
_bদেশ কাল সাহিত্য /
_cউজ্জ্বলকুমার মজুমদার সম্পাদিত
260 _aকলিকাতা :
_bসোনার তরী,
_c২০০০
300 _a২৩২ পৃ. ;
_c২১ সেমি
650 _aবাংলা সাহিত্য
_xইতিহাস ও সমালোচনা
_9146391
650 _aBengali Literature
_xHistory and Criticism
_9146392
700 _aমজুমদার, উজ্জ্বলকুমার, সম্পাদক
_9134984
942 _2ddc
_cBK
999 _c48376
_d48376